000 01287 a2200229 4500
001 25112
005 20260407155534.0
008 260407a1968 arg spa d
003 AR-UNSa-BCEJYS
040 _aAR-UNSa-BCEJYS
_bspa
_cAR-UNSa-BCEJYS
080 _a519.2
_xProbabilidades y estadística matemática
245 1 0 _aIntroducción a la estadística matemática
264 1 _aBarcelona :
_bAriel
_c1968
300 _a451 p.
_c23 cm.
505 _a1. Introducción - 2. Probabilidad - 3. Naturaleza de los métodos estadísticos - 4. Distribuciones de frecuencias de una variable - 5. Distribuciones teóricas de frecuenias de una variable - 6. Teoría general del muestreo para una variable - 7. Correlación y regresión - 8. Distribuciones de frecuencias teóricad para la correlación y regresión - 9. Principios generales de verificación o contrastación de hipótesis y de la estimación - 10. Verificación de la bondad de un ajuste - 11. Distribuciones de las muestras pequeñas - 12. Programación estadística de experimentos - 13. Métodos no paramétricos - 14. Otros métodos.
041 _aspa
942 _cBK
590 _aniveau_biblio:m niveau_hierar:0
100 1 _aHoel, Paul G.
700 1 _aBarbancho, Alfonso G.
700 1 _aHerranz Yuste, Alejandro
999 _c1286
_d1286